Statistiques concernant Tous les joueurs utilisés en équipe de France par Deschamps

Cliquez ici pour prendre le quiz!

Statistiques générales

  • Ce quiz a été pris 2 261 fois
    (1 318 depuis la dernière actualisation)
  • Le résultat moyen est 56 sur 107

Statistiques - réponses

1ère sèl DDJoueur% Correct
15/08/2012Hugo Lloris
96%
05/03/2014Antoine Griezmann
92%
25/03/2017Kylian Mbappé
92%
05/06/2013Steve Mandanda
92%
15/08/2012Olivier Giroud
91%
06/09/2018Alphonse Areola
90%
22/03/2013Raphaël Varane
89%
15/08/2012Karim Benzema
88%
23/03/2018Lucas Hernandez
88%
22/03/2013Paul Pogba
88%
07/10/2020Mike Maignan
87%
10/11/2017Benjamin Pavard
86%
25/03/2016N’Golo Kanté
85%
01/09/2016Ousmane Dembélé
84%
03/07/2016Samuel Umtiti
80%
16/06/2023Brice Samba
79%
06/02/2013Adil Rami
78%
13/11/2015Kingsley Coman
77%
05/09/2020Dayot Upamecano
76%
07/09/2012Blaise Matuidi
75%
25/03/2017Benjamin Mendy
74%
01/09/2021Aurélien Tchouaméni
73%
10/06/2022Ibrahima Konaté
73%
08/09/2020Eduardo Camavinga
72%
22/10/2022Randal Kolo Muani
72%
02/06/2017Florian Thauvin
68%
26/03/2015Nabil Fekir
68%
15/11/2016Benoît Costil
67%
12/10/2012Laurent Koscielny
67%
27/03/2018Presnel Kimpembe
67%
15/11/2016Adrien Rabiot
66%
05/06/2013Alexandre Lacazette
66%
02/06/2021Jules Koundé
66%
28/03/2017Corentin Tolisso
65%
05/06/2013Dimitri Payet
65%
01/09/2021Jordan Veretout
65%
15/08/2012Patrice Evra
65%
27/05/2014Stéphane Ruffier
65%
10/11/2017Steven Nzonzi
65%
22/10/2022Youssouf Fofana
65%
25/03/2022Jonathan Clauss
64%
15/08/2012Mathieu Valbuena
63%
01/09/2016Djibril Sidibé
62%
16/11/2021Mattéo Guendouzi
62%
06/09/2013André-Pierre Gignac
61%
06/02/2013Bacary Sagna
61%
15/08/2012Franck Ribéry
61%
05/03/2014Lucas Digne
59%
25/03/2022William Saliba
59%
15/08/2012Mamadou Sakho
58%
07/09/2012Yohan Cabaye
58%
23/03/2018Wissam Ben Yedder
56%
12/10/2012Moussa Sissoko
55%
15/11/2016Thomas Lemar
55%
15/08/2012Mathieu Debuchy
53%
14/08/2013Samir Nasri
53%
15/08/2012Christophe Jallet
51%
25/03/2022Christopher Nkunku
51%
13/11/2015Hatem Ben Arfa
51%
30/11/2022Axel Disasi
49%
11/11/2020Marcus Thuram
49%
07/09/2021Théo Hernandez
49%
04/09/2015Anthony Martial
48%
06/06/2022Boubacar Kamara
41%
11/06/2019Clément Lenglet
41%
08/10/2015Lassana Diarra
41%
07/10/2020Houssem Aouar
40%
12/10/2012Gaël Clichy
38%
02/06/2019Léo Dubois
38%
06/09/2016Kevin Gameiro
37%
08/06/2014Morgan Schneiderlin
37%
14/11/2012Yoann Gourcuff
37%
14/11/2014Layvin Kurzawa
36%
22/03/2013Loïc Rémy
34%
22/10/2022Benoît Badiashile
33%
09/06/2013Jérémy Mathieu
33%
07/09/2012Jérémy Ménez
33%
05/06/2013Clément Grenier
32%
05/06/2013Eliaquim Mangala
32%
27/05/2014Rémy Cabella
32%
15/08/2012Rio Mavuba
32%
11/10/2018Tanguy Ndombélé
32%
20/11/2018Ferland Mendy
31%
14/11/2012Benoît Trémoulinas
30%
15/08/2012Marvin Martin
30%
07/09/2012Abou Diaby
29%
07/09/2019Jonathan Ikoné
29%
01/09/2021Moussa Diaby
29%
25/10/2022Adrien Truffert
28%
29/03/2015Kurt Zouma
27%
20/11/2018Alassane Pléa
26%
14/08/2013Eric Abidal
26%
15/08/2012Maxime Gonalons
26%
07/09/2021Nordi Mukiele
26%
28/03/2017Tiémoué Bakayoko
26%
07/09/2012Anthony Réveillère
25%
11/11/2020Ruben Aguilar
25%
15/08/2012Bafétimbi Gomis
24%
14/08/2013Geoffrey Kondogbia
24%
24/03/2023Khéphren Thuram
24%
07/06/2015Paul-Georges Ntep
21%
15/08/2012Mapou Yanga-Mbiwa
20%
12/10/2012Clément Chantôme
18%
15/08/2012Etienne Capoue
17%
15/11/2016Sébastien Corchia
17%
15/08/2012Jimmy Briand
14%
05/06/2013Josuha Guilavogui
12%

Distribution des résultats

Percentile par nombre de réponses

% des personnes avec chaque résultat

Votre développement - résultats

Vous n’avez pas pris ce quiz depuis la dernière actualisation